| 000 | 00582nam a22001937a 4500 | ||
|---|---|---|---|
| 999 |
_c1247 _d1247 |
||
| 008 | 160310b xxu||||| |||| 00| 0 eng d | ||
| 020 | _a9789719919599 | ||
| 082 |
_22014 _aDFil 657.48 _bV23 |
||
| 100 |
_93594 _aValix, Conrado T. |
||
| 245 |
_aFinancial accounting: _bvolume 3/ _cConrado T. Valix |
||
| 250 | _a2014 Edition | ||
| 260 |
_aManila: _bGIC Enterprises & Co., Inc., _cc2014. |
||
| 300 |
_a999 pages: _c23 cm. |
||
| 650 | 0 |
_93595 _aAccounting |
|
| 700 |
_93596 _aPeralta, Jose F. |
||
| 700 |
_93597 _aValix, Christian Aris M. |
||
| 365 |
_b895.00 _cPhp. |
||
| 942 |
_2ddc _cDFIL |
||